000 00326cam a22001337a 4500
008 180718b1996 xxu||||| |||| 00| 0 eng d
020 _a0340684798
082 _aA3 C232
100 _aCarre, Le
245 _aThe tailor of Panama
_cby Le Carre
260 _aLondon
_bCoronet Books
_c1996
300 _a460p.
650 _aFiction
999 _c388095
_d388095